|
|
|
|
| LEADER |
00000naa a2200000 i 4500 |
| 001 |
publ189 |
| 005 |
20170403200408.0 |
| 008 |
170403s2012 hu o 000 zxx d |
| 040 |
|
|
|a BGE Publikációtár Repozitórium
|b hun
|
| 100 |
1 |
|
|a Köhler Ágnes
|
| 245 |
1 |
3 |
|a Az érem másik oldala
|c Köhler Ágnes
|h [elektronikus dokumentum]
|
| 260 |
|
|
|a Budapesti Gazdasági Főiskola
|b Budapest
|c 2012
|
| 300 |
|
|
|a 529-540
|
| 490 |
0 |
|
|a Tudományos Évkönyv 2011: Útkeresés és növekedés
|
| 650 |
|
4 |
|a nyelvtudományok
|
| 695 |
|
|
|a Pszicholingvisztika
|
| 695 |
|
|
|a Nyelvtudomány
|
| 856 |
4 |
0 |
|u https://publikaciotar.uni-bge.hu/id/eprint/189/1/kohler_az%20erem%20masik%20oldala.pdf
|z Dokumentum-elérés
|